000 00664nam a22002177a 4500
003 BUBTL
008 171031b xxu||||| |||| 00| 0 eng d
020 _a0-07-111215-4
082 _a658.4012
_bPEM
100 _91478
_aPearce, John A .
245 _aStrategic Management .
_bFormulation, Implementation and Control
_cPearce, John A .
250 _a9th
260 _aBoston
_bMc Graw Hill
_c2005
300 _a[xxix] , 392p . :
_bill , Chart , Graph ; 24cm .
_cManagement .
500 _aIncludes Index .
650 0 _939
_aManagement
700 _91479
_aPearce, John A.
856 _k0
_l0
_yDownload
942 _2ddc
_cBK
999 _c5533
_d5533